How images think / (Record no. 178712)

000 -LEADER
fixed length control field 00966 a2200217 4500
003 - CONTROL NUMBER IDENTIFIER
control field NUST
005 - DATE AND TIME OF LATEST TRANSACTION
control field 20221206123300.0
010 ## - LIBRARY OF CONGRESS CONTROL NUMBER
LC control number 2003052710
020 ## - INTERNATIONAL STANDARD BOOK NUMBER
International Standard Book Number 0262025493 (hc : alk. paper)
040 ## - CATALOGING SOURCE
Transcribing agency Nust
082 00 - DEWEY DECIMAL CLASSIFICATION NUMBER
Classification number 153.32,BUR
100 1# - MAIN ENTRY--PERSONAL NAME
Personal name Burnett, Ron,
9 (RLIN) 104227
245 10 - TITLE STATEMENT
Title How images think /
Statement of responsibility, etc. Ron Burnett.
260 ## - PUBLICATION, DISTRIBUTION, ETC.
Place of publication, distribution, etc. Cambridge, Mass. :
Name of publisher, distributor, etc. MIT Press,
Date of publication, distribution, etc. c2004.
300 ## - PHYSICAL DESCRIPTION
Extent xxi, 253 p. :
Other physical details ill. ;
Dimensions 24 cm.
505 ## - FORMATTED CONTENTS NOTE
Formatted contents note Voltage Point and Image Words (Page-1), Images capes Mind and Body (Page-39), Foundations of Virtual Images (Page-57), Imagescapes as Ecology (Page-71), Simulation/ Viewing /Immersion (Page-93), Humans ------------Machines (Page-117), Computer Games and the Aesthetics of Human and Nonhuman Interaction(Page-199), Reanimating the World Waves of Interaction(Page-222).
650 #0 - SUBJECT ADDED ENTRY--TOPICAL TERM
Topical term or geographic name entry element Imagery (Psychology)
9 (RLIN) 104228
650 #0 - SUBJECT ADDED ENTRY--TOPICAL TERM
Topical term or geographic name entry element Thought and thinking.
9 (RLIN) 6711
650 #0 - SUBJECT ADDED ENTRY--TOPICAL TERM
Topical term or geographic name entry element Visual perception.
9 (RLIN) 31933
942 ## - ADDED ENTRY ELEMENTS (KOHA)
Source of classification or shelving scheme
Koha item type Book
Call number prefix 153.32,BUR
Holdings
Withdrawn status Lost status Source of classification or shelving scheme Damaged status Not for loan Permanent Location Current Location Shelving location Date acquired Full call number Barcode Date last seen Price effective from Koha item type Public note
          Military College of Signals (MCS) Military College of Signals (MCS) General Stacks 12/12/2016 153.32,BUR MCS33779 12/08/2016 12/12/2016 Book Almirah No.46, Shelf No.4
© 2023 Central Library, National University of Sciences and Technology. All Rights Reserved.